Statistics for Books of the Bible

Click here to take the quiz!

General Stats

  • This quiz has been taken 32 times
  • The average score is 42 of 66

Answer Stats

Answer% Correct
Genesis
93%
John
93%
Luke
93%
Exodus
89%
Mark
89%
Matthew
89%
Numbers
89%
Job
85%
Psalms
85%
Revelation
81%
1 Kings
74%
2 Kings
74%
Acts
74%
Judges
74%
Leviticus
74%
Ruth
74%
1 Corinthians
70%
2 Corinthians
70%
Deuteronomy
70%
Isaiah
70%
Jude
70%
Romans
70%
1 John
67%
1 Peter
67%
1 Samuel
67%
2 John
67%
2 Peter
67%
2 Samuel
67%
Daniel
67%
Esther
67%
Ezekiel
67%
Song of Solomon
67%
3 John
63%
Proverbs
63%
1 Chronicles
59%
1 Timothy
59%
2 Chronicles
59%
2 Timothy
59%
Ephesians
59%
Ezra
59%
Galatians
59%
James
59%
Jonah
59%
Joshua
59%
Malachi
59%
Jeremiah
56%
1 Thessalonians
52%
2 Thessalonians
52%
Amos
52%
Colossians
52%
Ecclesiastes
52%
Hebrews
52%
Joel
52%
Lamentations
52%
Micah
52%
Nahum
52%
Zechariah
52%
Habakkuk
48%
Hosea
48%
Obadiah
48%
Philippians
48%
Titus
48%
Nehemiah
44%
Philemon
44%
Zephaniah
44%
Haggai
37%

Score Distribution

Percentile by Number Answered

Percent of People with Each Score

Your Score History

You have not taken this quiz